[Event "SVK-ch U14"]
[Site "Dudince"]
[Date "2023.04.17"]
[Round "2"]
[White "Marosi, Michal"]
[Black "Vida, Gergo1"]
[Result "1-0"]
[WhiteElo "1147"]
[BlackElo "1381"]
[PlyCount "33"]
[EventDate "2023.04.16"]
[EventType "swiss"]
[EventRounds "9"]
[EventCountry "SVK"]
[SourceTitle "CBM 213 Extra"]
[Source "ChessBase"]
[SourceDate "2023.05.31"]
[SourceVersion "1"]
[SourceVersionDate "2023.05.31"]
[SourceQuality "1"]

1. e4 c5 2. Nf3 d6 3. d4 cxd4 4. Nxd4 Nf6 5. Nc3 a6 6. Bc4 g6 7. f4 Bg7 8. e5 dxe5 9. fxe5 Ng4 10. 0-0 Nxe5 11. Bb3 0-0 12. Bg5 Ng4 13. Nd5 Qd6 14. Nf3 Qc5+ 15. Kh1 Nf2+ 16. Rxf2 Qxf2 17. Be3 1-0

[Event "SVK-ch U10"]
[Site "Liptovsky Mikulas"]
[Date "2019.04.26"]
[Round "5"]
[White "Marosi, Michal"]
[Black "Elias, Simon"]
[Result "1-0"]
[WhiteElo "1312"]
[BlackElo "1107"]
[PlyCount "83"]
[EventDate "2019.04.23"]
[EventType "swiss"]
[EventRounds "9"]
[EventCountry "SVK"]
[SourceTitle "CBM 190 Extra"]
[Source "ChessBase"]
[SourceDate "2019.07.15"]
[SourceVersion "1"]
[SourceVersionDate "2019.07.15"]
[SourceQuality "1"]

1. Nf3 Nf6 2. g3 d5 3. Bg2 c5 4. 0-0 Nc6 5. d3 e5 6. Nbd2 Be6 7. e4 d4 8. c3 Qd7 9. Qa4 Bh3 10. Bxh3 Qxh3 11. Nxe5 Ng4 12. Nxg4 Qxg4 13. Nc4 Qd7 14. cxd4 Nxd4 15. Qxd7+ Kxd7 16. Ne5+ Ke6 17. f4 f6 18. Nc4 Rd8 19. Be3 f5 20. Rab1 Nc2 21. exf5+ Kxf5 22. Rbd1 b5 23. Rd2 bxc4 24. Rxc2 Rxd3 25. Bf2 Bd6 26. Rxc4 Rc8 27. b4 Rd5 28. Rfc1 Rd2 29. bxc5 Be7 30. a4 g5 31. Re1 Bd6 32. fxg5 Kxg5 33. Be3+ Kg6 34. Bxd2 Rxc5 35. Rxc5 Bxc5+ 36. Be3 Bb4 37. Rb1 a5 38. Kf2 h5 39. Kf3 Kf5 40. h3 Ke5 41. g4 hxg4+ 42. hxg4 1-0

[Event "SVK-chT3B2 1718"]
[Site "Slovakia"]
[Date "2018.03.04"]
[Round "10.8"]
[White "Zabka, Andrej"]
[Black "Marosi, Michal"]
[Result "1-0"]
[WhiteElo "1000"]
[BlackElo "1114"]
[PlyCount "51"]
[EventDate "2017.10.08"]
[EventType "team-tourn"]
[EventRounds "11"]
[EventCountry "SVK"]
[SourceTitle "EXT 2020"]
[Source "ChessBase"]
[SourceDate "2019.10.17"]
[SourceVersion "1"]
[SourceVersionDate "2019.10.17"]
[SourceQuality "1"]
[WhiteTeam "Handlova"]
[BlackTeam "Prievidza II"]
[WhiteTeamCountry "SVK"]
[BlackTeamCountry "SVK"]

1. c4 e5 2. Nc3 Nf6 3. e3 Nc6 4. g3 Bb4 5. Nge2 0-0 6. a3 Bxc3 7. Nxc3 b6 8. Bg2 Bb7 9. 0-0 d6 10. b4 a6 11. b5 axb5 12. cxb5 Na5 13. e4 Nc4 14. a4 c5 15. d3 Na5 16. f4 exf4 17. Bxf4 d5 18. Bg5 dxe4 19. Bxf6 gxf6 20. Nxe4 c4 21. Nxf6+ Kh8 22. Qh5 Qxd3 23. Rad1 Qg6 24. Qxg6 fxg6 25. Rd7 Bxg2 26. Rxh7# 1-0